Seminar on technically specified rubber January 4,1996 (Record no. 43805)

MARC details
000 -LEADER
fixed length control field 00393nam a2200133Ia 4500
082 ## - DEWEY DECIMAL CLASSIFICATION NUMBER
Classification number NR:063TSR 1996
Item number SEM;3
245 #0 - TITLE STATEMENT
Title Seminar on technically specified rubber January 4,1996
260 ## - PUBLICATION, DISTRIBUTION, ETC. (IMPRINT)
Place of publication Kottayam
Name of publisher Rubber Board,Dept of P & PD
Year of publication 1996
650 ## - SUBJECT ADDED ENTRY--TOPICAL TERM
Topical Term Energy conservation
650 ## - SUBJECT ADDED ENTRY--TOPICAL TERM
Topical Term ISO 9000
650 ## - SUBJECT ADDED ENTRY--TOPICAL TERM
Topical Term Quality consistency
942 ## - ADDED ENTRY ELEMENTS (KOHA)
Koha item type Books
Holdings
Withdrawn status Lost status Damaged status Not for loan Home library Current library Date acquired Source of acquisition Full call number Accession Number Koha item type
        RRII Library RRII Library 16/12/2021 Gift NR:063TSR 1996 SEM;3 G00557 Books